000
00324nam a2200121Ia 4500
008
210430s9999 xx 000 0 und d
082
_a
355.825C8831 A
100
_a
Dr.N Davies
245
_a
Ammunition Techonology
_c
Dr.N Davies
260
_a
Cranfield university
_b
Dr.N Davies
_c
2001
300
_a
15-20p
942
_c
BK
_2
ddc
999
_c
563339
_d
563339